| 000 | 00704nam a22002177a 4500 | ||
|---|---|---|---|
| 999 |
_c15021 _d15021 |
||
| 003 | MIRAKIL | ||
| 005 | 20221006141634.0 | ||
| 008 | 221006b tu ||||| |||| 00| 0 tur d | ||
| 020 | _a9786258049688 | ||
| 040 |
_aTR-AnCHP _cTR-AnCHP |
||
| 041 | _aTur | ||
| 082 |
_a641.815 _bH36 2022 |
||
| 245 | 1 | 0 |
_aHer yönüyle ekmek / _cEditör: Berivan Tapan; yayın yönetmeni: Ahmet Bozkurt |
| 260 |
_aİstanbul : _bİstanbul Büyükşehir Belediyesi , _c2022. |
||
| 300 |
_a384 s.: _bres.; _c26 sm. |
||
| 504 | _aDizin vardır. | ||
| 651 | 0 |
_95576 _aİstanbul (Türkiye) _xEkmek endüstrisi _yTarih |
|
| 700 |
_97205 _aTapan; Berivan _eed. |
||
| 700 |
_96583 _aBozkurt, Ahmet _eyay. yön. |
||
| 942 |
_2ddc _cBKS |
||